000 01043cam a2200289 4500
001 191782
003 SpMaBN
005 20240205131337.0
008 221011s2002 sp | ||| ||spa
016 7 _abimoBNE20030056270 [
_2SpMaBN]
017 _aAS 2420-2002
_bOficina Depósito Legal Asturias
020 _a84-9704-055-4
035 _a(OCoLC)318260862
040 _aSpMaBN
_bspa
_cSpMaBN
_erdc
080 _a025.3:004.738.5
080 _a025.4.036
100 1 _aMéndez Rodríguez, Eva María.
_9175498
245 1 0 _aMetadatos y recuperación de información :
_bestándares, problemas y aplicabilidad en bibliotecas digitales /
_cEva Mª Méndez Rodríguez.
260 _aGijón (Asturias) :
_bTrea,
_c[2002]
300 _a429 p. :
_bil., gráf. ;
_c22 cm.
504 _aBibliografía: p. [393]-429. Índice.
650 7 _aMetadatos.
_9175499
650 7 _aRecuperación de la información.
_9149450
852 _aES-MaACL
_jA-15073
_9199064
_b133106
_cDEPO1
_dOlim: 025.4 MEN met
942 _2udc
999 _c191782
_d191782